[Event "Moscow 03"]
[Site "Moscow"]
[Date "2009.03.??"]
[Round "?"]
[White "Salchak, Dolaan"]
[Black "Soloviov, Alexandr"]
[Result "1-0"]
[WhiteElo "2142"]
[BlackElo "2251"]
[PlyCount "71"]
[EventDate "2009.03.??"]
[EventType "tourn"]
[EventRounds "11"]
[EventCountry "RUS"]
[SourceTitle "EXT 2012"]
[Source "ChessBase"]
[SourceDate "2011.11.24"]
[SourceVersion "1"]
[SourceVersionDate "2011.11.24"]
[SourceQuality "1"]

1. d4 d5 2. c4 e6 3. Nc3 Nf6 4. Nf3 c5 5. e3 Bd6 6. Bd3 dxc4 7. Bxc4 cxd4 8. exd4 0-0 9. 0-0 a6 10. a4 Nbd7 11. Re1 b6 12. Bg5 Qc7 13. Qe2 Bb7 14. Ne5 Rac8 15. Bb3 Nxe5 16. dxe5 Qc6 17. Qf1 Bxe5 18. Rxe5 Ng4 19. Re4 h6 20. Rxg4 hxg5 21. Rxg5 Rfd8 22. Rd1 Rd7 23. Rxd7 Qxd7 24. Qe2 Rd8 25. Qg4 g6 26. Rxg6+ Kf8 27. Rg8+ Ke7 28. Qh4+ f6 29. Rg7+ Kd6 30. Rxd7+ Rxd7 31. Qxf6 Re7 32. h4 Re8 33. h5 Bc8 34. Ne4+ Kd7 35. Qf7+ Kd8 36. Nd6 1-0

[Event "Moscow-ch U18"]
[Site "Moscow"]
[Date "2007.12.??"]
[Round "9"]
[White "Salchak, Dolaan"]
[Black "Kozlov, Gennady"]
[Result "0-1"]
[WhiteElo "2035"]
[BlackElo "2238"]
[PlyCount "79"]
[EventDate "2007.11.17"]
[EventType "swiss"]
[EventRounds "9"]
[EventCountry "RUS"]
[SourceTitle "EXT 2022"]
[Source "ChessBase"]
[SourceDate "2021.10.06"]
[SourceVersion "1"]
[SourceVersionDate "2021.10.06"]
[SourceQuality "1"]

1. d4 e6 2. c4 b6 3. Nf3 Bb7 4. Bf4 f5 5. e3 Nf6 6. Bd3 Be7 7. 0-0 0-0 8. Nc3 Nh5 9. Ne5 Nxf4 10. exf4 Bf6 11. Re1 d6 12. Nf3 Qd7 13. d5 exd5 14. Nxd5 Na6 15. Qd2 Nc5 16. Re2 Bxd5 17. cxd5 Bxb2 18. Qxb2 Nxd3 19. Qd2 Nc5 20. Nd4 Rae8 21. Rae1 Re4 22. f3 Rxe2 23. Qxe2 Qf7 24. Nc6 Qf6 25. h3 a5 26. Qc2 g6 27. Re7 Rf7 28. Re8+ Kg7 29. Rc8 Kh6 30. Qf2 Nd3 31. Qg3 Nb4 32. Nd8 Rf8 33. Qg5+ Qxg5 34. fxg5+ Kh5 35. f4 Kh4 36. Kh2 Nxd5 37. Ne6 Rf7 38. Rg8 Ne3 39. g3+ Kh5 40. Ng7+ 0-1